Circuits de Formule 1 #2 - Statistiques

Statistiques générales
  • Ce quiz a été pris 1 169 fois
  • Le résultat moyen est 6 sur 15
Statistiques - réponses
Par images Réponse % Correct
Circuit de Spa-Francorchamps
82%
Red Bull Ring
80%
Suzuka Circuit
76%
Jeddah Corniche Circuit
75%
Silverstone Circuit
73%
Miami International Autodrome
47%
Circuit Bugatti
41%
Otodrom Istanbul Park
37%
Brands Hatch Circuit
20%
Circuit de Zolder
11%
Buddh International Circuit
10%
Circuit de Charade
9%
Autódromo Internacional Nelson Piquet
6%
Donington Park Circuit
6%
Circuit de Bremgarten
3%
Aucun quiz correspondant
Distribution des résultats
% des personnes avec chaque résultat
Percentile par nombre de réponses
Votre historique - résultats
Vous n’avez pas pris ce quiz